000 00600nam a22001811c 4500
001 a987660706
008 080418s2007 gw |||| 000u rus d
041 _arus
245 0 0 _aImperskie i nacional'nye modeli upravlenija: rossijskij i evropejskij opyt :
_bMaterialy meždunarodnoj naučnoj konferencii
264 _aMoskva,
_c2007
300 _a490 S.
700 1 _aČubarjan, Aleksandr O.
_eHerausgeberIn
710 2 _aMeždunarodnaja naučnaja konferencija <2006, Kazan'>
710 2 _aKazanskij gosudarstvennyj universitet [u.a]
942 _cMG
040 _cRU-10907106
003 RU-10907106
999 _c14874
_d14874